00418nam a2200133Ia 4500003000400000008004100004040001600045082001600061100001900077245010500096260004700201300001000248650002600258GCL140319s9999 xx 000 0 eng d aGCL / cGCL04a302.35bB B1 aBENNIS, WARREN10aBEYOND BUREAUCRACY: ESSAYS ON THE DEVELOPMENT AND EVALUTION OF HUMAN ORGANIZATION / cBENNIS, WARREN a[S.N] : bJOSSEY-BASS PUBLISHERS ، c1993 a254 P04aORGANIZATIONAL CHANGE